| 000 | 00605nam a2200157Ia 4500 | ||
|---|---|---|---|
| 008 | 170221s9999 xx 000 0 und d | ||
| 100 | _aBridget Rubenking | ||
| 245 | 4 | _aThe Dueling Influences on Stigma toward Mental Illness: Effects of Interpersonal Familiarity and Stigmatizing Mediated Portrayals of Mental Illness on Attitudes | |
| 245 | _cBridget Rubenking, Cheryl Campanella Bracken | ||
| 260 | _bStudies in Media and Communication | ||
| 260 | _c2015 | ||
| 300 | _a3 : 2 | ||
| 650 | _xCommunication | ||
| 650 | _xMedia Arts | ||
| 856 | _uhttp://redfame.com/journal/index.php/smc/issue/view/42 | ||
| 999 |
_c307121 _d307121 |
||